000 00453nam a2200181Ia 4500
003 GCL
008 140319s9999 xx 000 0 ara d
040 _aGCL /
_cGCL
082 0 4 _a787.67
_bح ت
100 1 _aجوزف فاخورى
245 1 0 _aتعلم العود دون معلم /
_cجوزف فاخورى
300 _a160 ص
490 _a
650 0 4 _aالتعليم
650 0 4 _aالموسيقى
650 0 4 _aالعود
942 _2ddc
_cBK
999 _c44496
_d44496